[Event "Oceania zt 3.6"]
[Site "Auckland"]
[Date "2017.01.20"]
[Round "9"]
[White "Dive, Russell John"]
[Black "Louie, Ryan"]
[Result "1/2-1/2"]
[WhiteElo "2304"]
[BlackElo "1972"]
[PlyCount "150"]
[EventDate "2017.01.14"]
[EventType "swiss"]
[EventRounds "9"]
[EventCountry "NZL"]
[SourceTitle "CBM 176 Extra"]
[Source "ChessBase"]
[SourceDate "2017.03.02"]
[SourceVersion "1"]
[SourceVersionDate "2017.03.02"]
[SourceQuality "1"]

1. c4 c5 2. Nc3 Nc6 3. g3 g6 4. Bg2 Bg7 5. Nf3 e5 6. 0-0 Nge7 7. Ne1 d6 8. Nc2 Be6 9. Ne3 0-0 10. a3 Qd7 11. Re1 f5 12. Rb1 Rae8 13. b4 f4 14. Ned5 Kh8 15. d3 cxb4 16. axb4 Bh3 17. Be4 fxg3 18. hxg3 Nf5 19. Bh1 Nfe7 20. Ne3 Nf5 21. Nf1 h5 22. Ne4 h4 23. Qa4 hxg3 24. Nfxg3 Nxg3 25. fxg3 Re7 26. Be3 Ref7 27. Qa2 Nd4 28. Bg2 Qg4 29. Kh2 Rf5 30. Bxh3 Rh5 31. Ng5 Nf5 32. Bf2 Qxg5 33. Rh1 Ne3 34. Kg1 Bh6 35. Qxa7 Ng4 36. Bxg4 Qxg4 37. Rxh5 gxh5 38. Qxb7 Qxe2 39. Rf1 Be3 40. Qg2 Rxf2 41. Rxf2 Qe1+ 42. Kh2 Qxf2 43. Qxf2 Bxf2 44. Kg2 Be1 45. b5 Kg7 46. b6 Ba5 47. b7 Bc7 48. Kf3 Kf6 49. Ke4 Ke6 50. d4 exd4 51. Kxd4 Bb8 52. Ke4 Kd7 53. Kd5 Ke7 54. c5 dxc5 55. Kxc5 Kf6 56. Kd4 Kg5 57. Ke3 Kg4 58. Kf2 Kh3 59. Kg1 Be5 60. b8Q Bxb8 61. Kh1 Be5 62. Kg1 Kg4 63. Kg2 Bd4 64. Kh2 Bf2 65. Kg2 Be3 66. Kh2 Bd4 67. Kg2 Be5 68. Kf2 Bd6 69. Kg2 Bc5 70. Kh2 Kf3 71. Kh1 Bd6 72. Kg1 Be5 73. Kh1 Kf2 74. Kh2 Bb8 75. Kh3 Bxg3 1/2-1/2

[Event "Oceania zt 3.6"]
[Site "Auckland"]
[Date "2017.01.19"]
[Round "8"]
[White "Louie, Ryan"]
[Black "Hague, Ben"]
[Result "1/2-1/2"]
[WhiteElo "1972"]
[BlackElo "2333"]
[PlyCount "45"]
[EventDate "2017.01.14"]
[EventType "swiss"]
[EventRounds "9"]
[EventCountry "NZL"]
[SourceTitle "CBM 176 Extra"]
[Source "ChessBase"]
[SourceDate "2017.03.02"]
[SourceVersion "1"]
[SourceVersionDate "2017.03.02"]
[SourceQuality "1"]

1. c4 c5 2. Nc3 Nc6 3. g3 g6 4. Bg2 Bg7 5. e3 e5 6. Nge2 Nge7 7. 0-0 0-0 8. a3 d6 9. Rb1 a5 10. h3 h5 11. d3 Rb8 12. Bd2 Be6 13. Nd5 b5 14. b3 b4 15. a4 Qd7 16. Kh2 f5 17. Ng1 Bf7 18. Qc2 Rbe8 19. Rbe1 g5 20. Nxe7+ Nxe7 21. d4 g4 22. d5 Bg6 23. Qc1 1/2-1/2

[Event "Oceania zt 3.6"]
[Site "Auckland"]
[Date "2017.01.15"]
[Round "3"]
[White "Buciu, Aurel John"]
[Black "Louie, Ryan"]
[Result "0-1"]
[WhiteElo "1718"]
[BlackElo "1972"]
[PlyCount "92"]
[EventDate "2017.01.14"]
[EventType "swiss"]
[EventRounds "9"]
[EventCountry "NZL"]
[SourceTitle "CBM 176 Extra"]
[Source "ChessBase"]
[SourceDate "2017.03.02"]
[SourceVersion "1"]
[SourceVersionDate "2017.03.02"]
[SourceQuality "1"]

1. d4 Nf6 2. Bf4 d6 3. Nf3 Nbd7 4. e3 g6 5. Be2 Bg7 6. Nbd2 0-0 7. h3 Re8 8. 0-0 a6 9. c3 h6 10. Qc2 e5 11. dxe5 Nxe5 12. Rfd1 Qe7 13. Nc4 Bf5 14. Qc1 Nxc4 15. Bxc4 Be4 16. Be2 Rad8 17. Rd2 Nd7 18. Qf1 Nc5 19. Rad1 Ne6 20. Bg3 Nc5 21. Bh4 g5 22. Bg3 Bg6 23. Nd4 Ne4 24. Bf3 Nxd2 25. Rxd2 d5 26. Qd1 c6 27. Qb3 Kh8 28. Qb6 f5 29. Bc7 Rd7 30. Bh2 Kh7 31. Nb3 Be5 32. Nc5 Bxh2+ 33. Kxh2 Qe5+ 34. Kg1 Rg7 35. Nd3 Qe7 36. Qd4 Qc7 37. Nc5 Qf7 38. Rd1 Re7 39. Nd3 Qe8 40. Qf6 Re6 41. Qd4 g4 42. hxg4 fxg4 43. Qxg4 Bxd3 44. Rxd3 Rxg4 45. Bxg4 Qg6 46. Be2 Kh8 0-1

[Event "Oceania zt"]
[Site "Cammeray"]
[Date "2015.07.05"]
[Round "3"]
[White "Wallis, Christopher"]
[Black "Louie, Ryan"]
[Result "1-0"]
[WhiteElo "2357"]
[BlackElo "1928"]
[PlyCount "83"]
[EventDate "2015.07.04"]
[EventType "swiss"]
[EventRounds "9"]
[EventCountry "AUS"]
[SourceTitle "CBM 167 Extra"]
[Source "ChessBase"]
[SourceDate "2015.09.14"]
[SourceVersion "1"]
[SourceVersionDate "2015.09.14"]
[SourceQuality "1"]

1. d4 Nf6 2. c4 g6 3. Nc3 d5 4. cxd5 Nxd5 5. e4 Nxc3 6. bxc3 Bg7 7. Qa4+ c6 8. Nf3 0-0 9. Bg5 Qc7 10. Be2 Nd7 11. 0-0 e5 12. Qa3 Nf6 13. Bd3 exd4 14. cxd4 Re8 15. Rfe1 Bg4 16. Bc2 a5 17. h3 Be6 18. Rac1 b5 19. Bb1 Qb7 20. Ne5 Rec8 21. Qe3 Nd7 22. Nf3 a4 23. Bh6 b4 24. Bxg7 Kxg7 25. Ng5 b3 26. Nxe6+ fxe6 27. Rc3 Rab8 28. axb3 axb3 29. Qg5 Qb4 30. Ree3 Nf6 31. Rcd3 Qc4 32. Rf3 Rf8 33. Kh2 Nxe4 34. Qe5+ Nf6 35. Rxf6 Rxf6 36. Qxb8 Qc1 37. Qe5 Kf7 38. Rxb3 Qf4+ 39. Qxf4 Rxf4 40. Kg3 Rxd4 41. Rc3 Rb4 42. Bc2 1-0

[Event "NZL-ch op 122nd"]
[Site "Auckland"]
[Date "2015.01.09"]
[Round "9"]
[White "Garbett, Paul Anthony"]
[Black "Louie, Ryan"]
[Result "1-0"]
[WhiteElo "2355"]
[BlackElo "1927"]
[PlyCount "85"]
[EventDate "2015.01.01"]
[EventType "swiss"]
[EventRounds "9"]
[EventCountry "NZL"]
[SourceTitle "CBM 164 Extra"]
[Source "ChessBase"]
[SourceDate "2015.03.02"]
[SourceVersion "1"]
[SourceVersionDate "2015.03.02"]
[SourceQuality "1"]

1. e4 c5 2. Nf3 Nc6 3. Bb5 d6 4. 0-0 Bd7 5. Re1 e5 6. c3 g6 7. d4 cxd4 8. cxd4 Bg7 9. dxe5 Nxe5 10. Nc3 Nxf3+ 11. Qxf3 Bxb5 12. Nxb5 a6 13. Nc3 Ne7 14. Bf4 Nc6 15. Nd5 0-0 16. Qa3 Nd4 17. Rac1 Nb5 18. Qb4 Re8 19. a4 Nd4 20. Nc7 Ne6 21. Nxe8 Nxf4 22. Nxg7 Qg5 23. g3 Ne2+ 24. Rxe2 Qxc1+ 25. Re1 Qc6 26. Qd4 Qc5 27. Rd1 Qxd4 28. Rxd4 Kxg7 29. Rxd6 Re8 30. f3 Rc8 31. Rb6 Rc7 32. h4 f6 33. Kf2 h5 34. Ke3 Kf7 35. f4 Ke7 36. e5 fxe5 37. fxe5 Rc6 38. Rxc6 bxc6 39. b4 Ke6 40. Ke4 Ke7 41. Kd4 Ke6 42. Kc5 Kxe5 43. Kxc6 1-0

[Event "NZL-ch op 122nd"]
[Site "Auckland"]
[Date "2015.01.04"]
[Round "4"]
[White "Louie, Ryan"]
[Black "Hair, Philip I"]
[Result "0-1"]
[WhiteElo "1927"]
[BlackElo "1941"]
[PlyCount "64"]
[EventDate "2015.01.01"]
[EventType "swiss"]
[EventRounds "9"]
[EventCountry "NZL"]
[SourceTitle "CBM 164 Extra"]
[Source "ChessBase"]
[SourceDate "2015.03.02"]
[SourceVersion "1"]
[SourceVersionDate "2015.03.02"]
[SourceQuality "1"]

1. e4 e6 2. d4 d5 3. Nd2 dxe4 4. Nxe4 Bd7 5. Nf3 Bc6 6. Bd3 Nd7 7. 0-0 Ngf6 8. Re1 Be7 9. Ng3 Bxf3 10. Qxf3 c6 11. c4 0-0 12. Bf4 Re8 13. Rad1 Qb6 14. b3 a5 15. a4 Bf8 16. Be5 Rad8 17. Re3 c5 18. Nh5 Nxh5 19. Bxh7+ Kxh7 20. Qxh5+ Kg8 21. Rh3 f6 22. Qh7+ Kf7 23. Bf4 cxd4 24. Rg3 e5 25. Bh6 Ke6 26. Bxg7 Kd6 27. f4 Kc7 28. fxe5 Bxg7 29. e6 Rxe6 30. Qxg7 Kc8 31. h4 Ne5 32. h5 d3+ 0-1

[Event "Gold Coast op"]
[Site "Gold Coast"]
[Date "2013.06.24"]
[Round "5"]
[White "Louie, Ryan"]
[Black "Brown, Andrew"]
[Result "0-1"]
[WhiteElo "1901"]
[BlackElo "2291"]
[PlyCount "46"]
[EventDate "2013.06.22"]
[EventType "swiss"]
[EventRounds "6"]
[EventCountry "AUS"]
[SourceTitle "CBM 155 Extra"]
[Source "ChessBase"]
[SourceDate "2013.08.26"]
[SourceVersion "1"]
[SourceVersionDate "2013.08.26"]
[SourceQuality "1"]

1. d4 Nf6 2. c4 g6 3. f3 Bg7 4. e4 d6 5. Nc3 0-0 6. Bg5 c5 7. d5 e6 8. Qd2 Qa5 9. Nb5 Qb6 10. dxe6 Bxe6 11. Qxd6 Nc6 12. Be3 Nd7 13. Rb1 Qa5+ 14. Qd2 Qxa2 15. Na3 Rad8 16. Ne2 Nb6 17. Nc1 Rxd2 18. Nxa2 Rxb2 19. Rxb2 Bxb2 20. Bxc5 Rd8 21. Bxb6 axb6 22. Nc2 Ra8 23. Ncb4 Nxb4 0-1

[Event "Doeberl Cup Premier 51st"]
[Site "Canberra"]
[Date "2013.04.01"]
[Round "9"]
[White "Louie, Ryan"]
[Black "Schon, Eugene"]
[Result "0-1"]
[WhiteElo "1861"]
[BlackElo "2169"]
[PlyCount "54"]
[EventDate "2013.03.28"]
[EventType "swiss"]
[EventRounds "9"]
[EventCountry "AUS"]
[SourceTitle "EXT 2023"]
[Source "ChessBase"]
[SourceDate "2022.10.05"]
[SourceVersion "1"]
[SourceVersionDate "2022.10.05"]
[SourceQuality "1"]

1. e4 c5 2. Nf3 d6 3. d4 cxd4 4. Nxd4 Nf6 5. Nc3 a6 6. Bc4 e6 7. Bb3 b5 8. a3 Be7 9. 0-0 0-0 10. Qf3 Qb6 11. Be3 Qb7 12. Rae1 Nbd7 13. Qe2 Nc5 14. f3 Nxb3 15. Nxb3 Bd7 16. Qf2 a5 17. g4 b4 18. Ne2 Rfc8 19. Nbd4 e5 20. Nf5 Bxf5 21. g5 Bh3 22. gxf6 Bxf6 23. Kh1 Bxf1 24. Rxf1 Rxc2 25. Rg1 Kh8 26. Qg2 Qb5 27. Bh6 gxh6 0-1

[Event "Doeberl Cup Premier 51st"]
[Site "Canberra"]
[Date "2013.03.29"]
[Round "3"]
[White "Louie, Ryan"]
[Black "Brown, Andrew"]
[Result "0-1"]
[WhiteElo "1861"]
[BlackElo "2295"]
[PlyCount "50"]
[EventDate "2013.03.28"]
[EventType "swiss"]
[EventRounds "9"]
[EventCountry "AUS"]
[SourceTitle "EXT 2023"]
[Source "ChessBase"]
[SourceDate "2022.10.05"]
[SourceVersion "1"]
[SourceVersionDate "2022.10.05"]
[SourceQuality "1"]

1. d4 Nf6 2. c4 g6 3. Nc3 Bg7 4. e4 d6 5. f3 0-0 6. Be3 c5 7. Nge2 Nc6 8. d5 Ne5 9. Nc1 e6 10. Be2 exd5 11. cxd5 a6 12. a4 Bd7 13. 0-0 b5 14. axb5 axb5 15. Rxa8 Qxa8 16. Nxb5 Bxb5 17. Bxb5 Rb8 18. Be2 Rxb2 19. f4 Qa3 20. Bf2 Nxe4 21. fxe5 Bxe5 22. Be1 c4 23. Kh1 Qc5 24. Qa4 Qxd5 25. Bxc4 Ng3+ 0-1

[Event "Doeberl Cup Premier 51st"]
[Site "Canberra"]
[Date "2013.03.28"]
[Round "1"]
[White "Louie, Ryan"]
[Black "Lei, Tingjie"]
[Result "0-1"]
[WhiteElo "1861"]
[BlackElo "2232"]
[PlyCount "132"]
[EventDate "2013.03.28"]
[EventType "swiss"]
[EventRounds "9"]
[EventCountry "AUS"]
[SourceTitle "EXT 2023"]
[Source "ChessBase"]
[SourceDate "2022.10.05"]
[SourceVersion "1"]
[SourceVersionDate "2022.10.05"]
[SourceQuality "1"]

1. d4 d5 2. c4 c6 3. Nf3 Nf6 4. g3 g6 5. Bg2 Bg7 6. 0-0 dxc4 7. Ne5 0-0 8. Na3 Be6 9. e3 Nbd7 10. Naxc4 Nxe5 11. Nxe5 Nd7 12. Nd3 Qb6 13. Qc2 Qb5 14. Rd1 Bd5 15. e4 Bc4 16. Be3 Rfd8 17. f4 Rac8 18. Nf2 Nf8 19. b3 Be6 20. Rac1 f5 21. Bf1 Qa5 22. e5 Bd5 23. Qe2 Ne6 24. Nd3 b6 25. Qf2 Be4 26. Ne1 Rd7 27. a4 b5 28. axb5 Qd8 29. Bc4 Bd5 30. bxc6 Rdc7 31. Ra1 Rxc6 32. Rxa7 Bf8 33. Ra4 Kg7 34. Qe2 Rb8 35. Qa2 Rcb6 36. Rd3 Nc7 37. Nc2 Be4 38. Rd2 Nd5 39. Bxd5 Bxd5 40. Ra6 Bxb3 41. Qa5 Rxa6 42. Qxa6 Qd5 43. Qe2 Bc4 44. Qg2 Qa5 45. d5 Rb1+ 46. Kf2 Qa6 47. g4 fxg4 48. Qxg4 Bd3 49. Nd4 Rf1+ 50. Kg3 Be4 51. Ne6+ Kg8 52. Qe2 Qxe2 53. Rxe2 Rf3+ 54. Kh4 Bh6 55. Nd4 Rf1 56. d6 exd6 57. exd6 Bg7 58. Bd2 Bf6+ 59. Kg3 Rg1+ 60. Kh3 Bd3 61. Re1 Bf1+ 62. Rxf1 Rxf1 63. Ne6 Kf7 64. Ng5+ Bxg5 65. fxg5 Ke6 66. Kg2 Rf5 0-1

[Event "Australian op"]
[Site "Cammeray"]
[Date "2013.01.12"]
[Round "10"]
[White "Louie, Ryan"]
[Black "Saleh, Akef"]
[Result "1-0"]
[WhiteElo "1820"]
[BlackElo "1947"]
[PlyCount "71"]
[EventDate "2013.01.02"]
[EventType "swiss"]
[EventRounds "11"]
[EventCountry "AUS"]
[SourceTitle "CBM 152 Extra"]
[Source "ChessBase"]
[SourceDate "2013.02.25"]
[SourceVersion "1"]
[SourceVersionDate "2013.02.25"]
[SourceQuality "1"]

1. d4 Nf6 2. g3 g6 3. Bg2 Bg7 4. e4 d6 5. Ne2 0-0 6. 0-0 Nbd7 7. Nbc3 e5 8. d5 Ne8 9. Be3 f5 10. Qd2 Rf7 11. Rae1 a5 12. h3 b6 13. f4 Nc5 14. Rf2 fxe4 15. Kh2 Qd7 16. Ref1 Ba6 17. fxe5 Rxf2 18. Rxf2 Bxe5 19. Nf4 Ng7 20. Bxc5 dxc5 21. Nxe4 Rf8 22. d6 Bxf4 23. Rxf4 Rxf4 24. Qxf4 Nh5 25. Qe5 cxd6 26. Qxh5 Qf7 27. Qd5 Kg7 28. Qxf7+ Kxf7 29. Nxd6+ Ke6 30. Ne4 Ke5 31. c3 Bd3 32. Nd2 h6 33. Kg1 g5 34. Kf2 h5 35. Ke3 Bf5 36. Nc4+ 1-0

[Event "Queensland-ch"]
[Site "Brisbane"]
[Date "2012.09.30"]
[Round "7"]
[White "Louie, Ryan"]
[Black "Harris, John"]
[Result "1/2-1/2"]
[WhiteElo "1810"]
[BlackElo "1821"]
[PlyCount "64"]
[EventDate "2012.09.27"]
[EventType "swiss"]
[EventRounds "9"]
[EventCountry "AUS"]
[SourceTitle "EXT 2013"]
[Source "ChessBase"]
[SourceDate "2012.11.22"]
[SourceVersion "1"]
[SourceVersionDate "2012.11.22"]
[SourceQuality "1"]

1. e4 c5 2. Nf3 e6 3. d4 cxd4 4. Nxd4 Nf6 5. Nc3 d6 6. Be3 Be7 7. Be2 0-0 8. f3 a6 9. Qd2 Qc7 10. 0-0-0 b5 11. a3 Bb7 12. g4 Nc6 13. Kb1 Ne5 14. h4 Nc4 15. Bxc4 Qxc4 16. h5 Rac8 17. g5 Nd7 18. Nce2 d5 19. g6 hxg6 20. hxg6 dxe4 21. Nf4 Nf6 22. gxf7+ Kxf7 23. Ndxe6 Rg8 24. Ng5+ Ke8 25. Nxe4 Bxe4 26. fxe4 Qxe4 27. Rde1 Qc6 28. Ng6 Nd5 29. Qd3 Qxg6 30. Bd4 Nc3+ 31. Bxc3 Qxd3 32. cxd3 Kf7 1/2-1/2

[Event "Queensland-ch"]
[Site "Brisbane"]
[Date "2012.09.28"]
[Round "3"]
[White "Louie, Ryan"]
[Black "Stawski, Nikolai"]
[Result "0-1"]
[WhiteElo "1810"]
[BlackElo "2019"]
[PlyCount "160"]
[EventDate "2012.09.27"]
[EventType "swiss"]
[EventRounds "9"]
[EventCountry "AUS"]
[SourceTitle "EXT 2013"]
[Source "ChessBase"]
[SourceDate "2012.11.22"]
[SourceVersion "1"]
[SourceVersionDate "2012.11.22"]
[SourceQuality "1"]

1. d4 f5 2. g3 Nf6 3. Bg2 g6 4. Nh3 Bg7 5. 0-0 0-0 6. Bg5 h6 7. Bxf6 Rxf6 8. c3 d5 9. Nf4 c6 10. Nd3 Nd7 11. f4 Rf7 12. e3 b6 13. Qa4 Qc7 14. Nd2 a5 15. Nf3 Ba6 16. Qd1 e6 17. Rf2 Bxd3 18. Qxd3 b5 19. Ne5 Bxe5 20. fxe5 Nf8 21. b3 a4 22. Rb1 axb3 23. axb3 Ra3 24. Rc2 Qd8 25. Qd2 Qg5 26. Qf2 Rfa7 27. c4 bxc4 28. h4 Qd8 29. bxc4 Ra1 30. Rxa1 Rxa1+ 31. Kh2 g5 32. cxd5 cxd5 33. Rc6 Qa5 34. hxg5 hxg5 35. e4 Qa7 36. exf5 g4 37. Bh3 Ra2 38. Rc2 Rxc2 39. Qxc2 Qh7 40. Qg2 Qxh3+ 41. Qxh3 gxh3 42. g4 Kg7 43. Kxh3 Nd7 44. Kg3 Nb8 45. Kf4 Nc6 46. Ke3 Kf8 47. Kd3 Ke7 48. Kc3 Kf7 49. Kd3 Ne7 50. f6 Ng6 51. Ke3 Nf8 52. Kf4 Nh7 53. Ke3 Ng5 54. Kf4 Kg6 55. Kg3 Ne4+ 56. Kf3 Ng5+ 57. Kg3 Nf7 58. Kf4 Kh6 59. Kf3 Kg5 60. Kg3 Nh8 61. Kh3 Ng6 62. Kg3 Kh6 63. Kf3 Nh4+ 64. Kg3 Kg5 65. Kh3 Ng6 66. Kg3 Nf8 67. Kh3 Nd7 68. Kg3 Nb8 69. Kf3 Kh4 70. Kf4 Nd7 71. Kf3 Nf8 72. Kf4 Ng6+ 73. Kf3 Kh3 74. g5 Kh4 75. Ke3 Kxg5 76. Kf3 Kf5 77. Kg3 Ke4 78. Kg4 Kxd4 79. f7 Nxe5+ 80. Kg5 Nxf7+ 0-1

[Event "Doeberl Cup Premier 50th"]
[Site "Canberra"]
[Date "2012.04.07"]
[Round "6"]
[White "Louie, Ryan"]
[Black "Bliznyuk, Andrey"]
[Result "0-1"]
[WhiteElo "1759"]
[BlackElo "2205"]
[PlyCount "68"]
[EventDate "2012.04.05"]
[EventType "swiss"]
[EventRounds "9"]
[EventCountry "AUS"]
[SourceTitle "EXT 2023"]
[Source "ChessBase"]
[SourceDate "2022.10.05"]
[SourceVersion "1"]
[SourceVersionDate "2022.10.05"]
[SourceQuality "1"]

1. d4 Nf6 2. c4 d6 3. Nc3 Nbd7 4. e4 e5 5. d5 Nc5 6. f3 a5 7. Be3 Be7 8. Nge2 Nfd7 9. b3 Nb6 10. Nc1 Bg5 11. Qd2 Bxe3 12. Qxe3 0-0 13. Nd3 Nbd7 14. 0-0-0 Ra6 15. g4 Rb6 16. h4 Nxd3+ 17. Bxd3 Nc5 18. Bc2 Bd7 19. Kb2 a4 20. Ka1 axb3 21. Bxb3 Nxb3+ 22. axb3 Rxb3 23. Rd2 b5 24. cxb5 Bxb5 25. Rb2 Qa8+ 26. Ra2 Ra3 27. Qc1 Rxa2+ 28. Nxa2 Qa4 29. Qb2 Ra8 30. Rc1 Bc4 31. Rc2 Bxa2 32. Qxa2 Qd4+ 33. Kb1 Rxa2 34. Rxa2 g6 0-1

[Event "Queenstown op"]
[Site "Queenstown"]
[Date "2012.01.20"]
[Round "6"]
[White "Jones, Brian"]
[Black "Louie, Ryan"]
[Result "1/2-1/2"]
[WhiteElo "2092"]
[BlackElo "1677"]
[PlyCount "70"]
[EventDate "2012.01.15"]
[EventType "swiss"]
[EventRounds "9"]
[EventCountry "NZL"]
[SourceTitle "CBM 146 Extra"]
[Source "ChessBase"]
[SourceDate "2012.02.29"]
[SourceVersion "1"]
[SourceVersionDate "2012.02.29"]
[SourceQuality "1"]

1. d4 Nf6 2. c4 c5 3. d5 e5 4. f4 exf4 5. Bxf4 Nh5 6. e3 Nxf4 7. exf4 d6 8. Bd3 g6 9. Nc3 Bg7 10. Qe2+ Qe7 11. Nb5 Qxe2+ 12. Nxe2 Kd7 13. 0-0-0 a6 14. Nbc3 f5 15. h4 Kc7 16. h5 Rg8 17. hxg6 hxg6 18. Ng1 Nd7 19. Nf3 Nf6 20. Rde1 Nh5 21. g3 Bd7 22. Ng5 Rae8 23. Ne6+ Bxe6 24. dxe6 Bxc3 25. bxc3 Re7 26. Re3 Rge8 27. Rxh5 gxh5 28. Bxf5 Rf8 29. Bg6 h4 30. f5 hxg3 31. Rxg3 b5 32. Kd2 bxc4 33. Ke3 d5 34. Rg2 Rf6 35. Rg1 Kc6 1/2-1/2

[Event "Queenstown op"]
[Site "Queenstown"]
[Date "2012.01.17"]
[Round "3"]
[White "Louie, Ryan"]
[Black "Kempen, Leon JP"]
[Result "1/2-1/2"]
[WhiteElo "1677"]
[BlackElo "1999"]
[PlyCount "53"]
[EventDate "2012.01.15"]
[EventType "swiss"]
[EventRounds "9"]
[EventCountry "NZL"]
[SourceTitle "CBM 146 Extra"]
[Source "ChessBase"]
[SourceDate "2012.02.29"]
[SourceVersion "1"]
[SourceVersionDate "2012.02.29"]
[SourceQuality "1"]

1. d4 Nf6 2. c4 c5 3. d5 e5 4. Nc3 d6 5. e4 Be7 6. Nf3 0-0 7. g3 a6 8. Bg2 b5 9. Nd2 b4 10. Ne2 a5 11. a4 Ne8 12. 0-0 g6 13. b3 Bf6 14. Bb2 Bg7 15. Qc2 Ra7 16. f4 Bg4 17. Nf3 Bxf3 18. Rxf3 exf4 19. Bxg7 Nxg7 20. gxf4 f6 21. Re1 Re7 22. Nc1 Nd7 23. Nd3 Rfe8 24. Rfe3 Nf5 25. Rh3 Nd4 26. Qd1 Kg7 27. Rhe3 1/2-1/2

[Event "Queenstown op"]
[Site "Queenstown"]
[Date "2012.01.15"]
[Round "1"]
[White "Louie, Ryan"]
[Black "Johnson, Quentin JF"]
[Result "0-1"]
[WhiteElo "1677"]
[BlackElo "2127"]
[PlyCount "93"]
[EventDate "2012.01.15"]
[EventType "swiss"]
[EventRounds "9"]
[EventCountry "NZL"]
[SourceTitle "CBM 146 Extra"]
[Source "ChessBase"]
[SourceDate "2012.02.29"]
[SourceVersion "1"]
[SourceVersionDate "2012.02.29"]
[SourceQuality "1"]

1. e4 c5 2. Nf3 Nc6 3. d4 cxd4 4. Nxd4 Nf6 5. Nc3 d6 6. Be2 e5 7. Ndb5 a6 8. Na3 b5 9. Nab1 b4 10. Na4 Qa5 11. b3 Nxe4 12. 0-0 Be7 13. Bf3 Bf5 14. Re1 d5 15. Be3 Rb8 16. Nd2 Nxd2 17. Qxd2 e4 18. Bf4 Rd8 19. Be2 0-0 20. Bf1 Bf6 21. Rac1 Rfe8 22. Qe2 Bc8 23. Red1 h6 24. Qh5 Ne5 25. h3 d4 26. Qe2 Ng6 27. Bd2 Bg5 28. a3 Bxd2 29. Qxd2 e3 30. fxe3 dxe3 31. Qxb4 Rxd1 32. Rxd1 Qxb4 33. axb4 e2 34. Bxe2 Bb7 35. Bf1 Rc8 36. Nc5 Rc7 37. Nxb7 Rxb7 38. Bxa6 Rxb4 39. Rd8+ Nf8 40. Bc4 g5 41. Rc8 Rb7 42. Bd5 Ra7 43. c4 Kg7 44. b4 Ng6 45. b5 Ne7 46. Ra8 Rd7 47. Bf3 0-1

[Event "Doeberl Cup Minor 48th"]
[Site "Canberra"]
[Date "2010.04.03"]
[Round "4"]
[White "Louie, Ryan"]
[Black "Setiabudi, Megan"]
[Result "0-1"]
[WhiteElo "1269"]
[BlackElo "1391"]
[PlyCount "82"]
[EventDate "2010.04.02"]
[EventType "swiss"]
[EventRounds "7"]
[EventCountry "AUS"]
[SourceTitle "EXT 2012"]
[Source "ChessBase"]
[SourceDate "2011.11.24"]
[SourceVersion "1"]
[SourceVersionDate "2011.11.24"]
[SourceQuality "1"]

1. d4 d6 2. Nf3 Nf6 3. c4 g6 4. Nc3 Bg7 5. Bf4 0-0 6. e3 Nbd7 7. h3 c5 8. d5 Qa5 9. Bd3 Nh5 10. Bh2 Bxc3+ 11. bxc3 Qxc3+ 12. Ke2 Ng7 13. Qd2 Qxd2+ 14. Kxd2 Nf6 15. Rhb1 Rb8 16. a4 Nfe8 17. Rb2 Nc7 18. Ne1 a5 19. Rab1 Ra8 20. e4 f6 21. Bc2 Na6 22. Nd3 Nb4 23. Bb3 Ne8 24. Nxb4 axb4 25. f3 Bd7 26. Ra2 Ra5 27. g4 Nc7 28. h4 Na8 29. Bd1 Nb6 30. Kd3 Rfa8 31. Rba1 Nxa4 32. Bxa4 Bxa4 33. g5 Bc2+ 34. Rxc2 Rxa1 35. gxf6 Kf7 36. fxe7 Kxe7 37. e5 R8a3+ 38. Ke2 R1a2 39. exd6+ Kd7 40. Kd2 Rxc2+ 41. Kxc2 Ra2+ 0-1

[Event "Doeberl Cup Minor 48th"]
[Site "Canberra"]
[Date "2010.04.02"]
[Round "2"]
[White "Louie, Ryan"]
[Black "Ngo, Michael"]
[Result "1/2-1/2"]
[WhiteElo "1269"]
[BlackElo "1387"]
[PlyCount "93"]
[EventDate "2010.04.02"]
[EventType "swiss"]
[EventRounds "7"]
[EventCountry "AUS"]
[SourceTitle "EXT 2012"]
[Source "ChessBase"]
[SourceDate "2011.11.24"]
[SourceVersion "1"]
[SourceVersionDate "2011.11.24"]
[SourceQuality "1"]

1. d4 d5 2. c4 c6 3. Nc3 Nf6 4. e3 e6 5. Nf3 Nbd7 6. Bd3 dxc4 7. Bxc4 b5 8. Bd3 a6 9. 0-0 Bb7 10. b3 c5 11. Bb2 cxd4 12. Nxd4 Bc5 13. Re1 Qb6 14. Nf3 0-0 15. Bf1 Rfe8 16. Qe2 Bb4 17. Red1 Rac8 18. Nb1 Be4 19. a3 Rc2 20. Nbd2 Bxd2 21. Rxd2 Rec8 22. Ne1 R2c7 23. Bd4 Qc6 24. f3 Bd5 25. Rc2 Qd6 26. Rxc7 Rxc7 27. Qb2 e5 28. Bc3 Qc5 29. Bd2 Qb6 30. Rc1 Rxc1 31. Bxc1 e4 32. b4 Qc6 33. f4 Nb6 34. Nc2 Bc4 35. Nd4 Qd6 36. Qc2 Bxf1 37. Kxf1 Nc4 38. h3 g6 39. Kf2 Qe7 40. Nb3 Nd5 41. g3 Qe6 42. g4 Qe7 43. g5 Qe6 44. Nc5 Qxh3 45. Qxe4 Qh2+ 46. Kf1 Qh3+ 47. Kf2 1/2-1/2

[Event "AUS-ch U12"]
[Site "Canberra"]
[Date "2007.01.24"]
[Round "9"]
[White "Ng, Isaac"]
[Black "Louie, Ryan"]
[Result "0-1"]
[WhiteElo "972"]
[BlackElo "776"]
[PlyCount "64"]
[EventDate "2007.01.14"]
[EventType "swiss"]
[EventRounds "11"]
[EventCountry "AUS"]
[SourceTitle "EXT 2008"]
[Source "ChessBase"]
[SourceDate "2007.11.25"]
[SourceVersion "1"]
[SourceVersionDate "2007.11.25"]
[SourceQuality "1"]

1. e4 c6 2. d4 d5 3. e5 Bf5 4. h4 e6 5. g4 Be4 6. f3 Bg6 7. h5 Bxh5 8. Rxh5 g6 9. Rh1 Bg7 10. Be3 Qb6 11. Qc1 Nd7 12. Nd2 Bxe5 13. Nb3 Bg7 14. Qd2 Ne7 15. 0-0-0 0-0-0 16. Ne2 Kb8 17. Nc3 Ka8 18. Bf4 e5 19. dxe5 Nxe5 20. Qe2 f6 21. g5 Qc7 22. gxf6 Bxf6 23. Kb1 Rde8 24. Re1 Nf5 25. Nc5 Re7 26. Bh3 Rhe8 27. Bxf5 gxf5 28. Rh5 Qb6 29. Qf2 Nc4 30. N3a4 Rxe1+ 31. Bc1 Na3+ 32. Ka1 Rxc1# 0-1